| 000 | 00500nam a2200181 a 4500 | ||
|---|---|---|---|
| 001 | 2622 | ||
| 005 | 20140414131927.0 | ||
| 008 | 050607s19uu xx 00 eng d | ||
| 020 | _a0-86163-008-4 | ||
| 050 |
_aER _bP65 1980 |
||
| 100 | _aBrown, Kay | ||
| 245 |
_aPinocchio / _cretold by Kay Brown ; illustrated by Gerry Embleton. |
||
| 260 |
_aLondon : _bAward Publications, _c1980. |
||
| 300 | _a1 v. p. : ill. ; cm. | ||
| 650 | _aFolktales. | ||
| 650 | _aChildren stories. | ||
| 999 |
_c112056 _d112056 |
||